The richest man in Babylon = Người giàu có nhất thành Babylon : Phương pháp làm giàu hiệu quả nhất mọi thời đại

Αποθηκεύτηκε σε:
Λεπτομέρειες βιβλιογραφικής εγγραφής
Κύριος συγγραφέας: Clason, Geogre S.
Μορφή: Βιβλίο
Γλώσσα:Undetermined
Έκδοση: Thành phố Hồ Chí Minh Tổng hợp Thành phố Hồ Chí Minh 2011
Θέματα:
Ετικέτες: Προσθήκη ετικέτας
Δεν υπάρχουν, Καταχωρήστε ετικέτα πρώτοι!
Thư viện lưu trữ: Trung tâm Học liệu Trường Đại học Cần Thơ
LEADER 00831nam a2200205Ia 4500
001 CTU_173073
008 210402s9999 xx 000 0 und d
020 |c 32000 
082 |a 650.11 
082 |b C591 
100 |a Clason, Geogre S. 
245 4 |a The richest man in Babylon = 
245 0 |b Người giàu có nhất thành Babylon : Phương pháp làm giàu hiệu quả nhất mọi thời đại 
245 0 |c Geogre S. Clason; Biên dịch Võ Hưng Thanh, Trọng Việt 
260 |a Thành phố Hồ Chí Minh 
260 |b Tổng hợp Thành phố Hồ Chí Minh 
260 |c 2011 
650 |a Success in business,Bussiness intelligence,Nghệ thuật thành công trong kinh doanh 
910 |a Nguyên 
980 |a Trung tâm Học liệu Trường Đại học Cần Thơ